书目信息 |
| 题名: |
激光在工业上的应用
|
|
| 作者: | ;《激光在工业上的应用》编写组 编 | |
| 分册: | ||
| 出版信息: | 上海 上海人民出版社 1972 |
|
| 页数: | 118页 | |
| 开本: | 20cm | |
| 丛书名: | ||
| 单 册: | ||
| 中图分类: | TN249 | |
| 科图分类: | ||
| 主题词: | 激光技术 , 微波激射技术 | |
| 电子资源: | ||
| ISBN: | ||
| 000 | 00693nam0 2200205 450 | |
| 001 | 0661158445 | |
| 005 | 20060418082148.04 | |
| 010 | @dCNY0.23 | |
| 100 | @a20060417d1972 km y0chiy0120 ea | |
| 101 | 0 | @achi |
| 102 | @aCN@b310000 | |
| 200 | 1 | @a激光在工业上的应用@Aji guang zai gong ye shang de ying yong@f《激光在工业上的应用》编写组编@F《ji guang zai gong ye shang de ying yong》bian xie zu bian |
| 210 | @a上海@c上海人民出版社@d1972 | |
| 215 | 1 | @a118页@d20cm |
| 606 | 0 | @a激光技术 |
| 606 | 0 | @a微波激射技术 |
| 690 | @aTN249@v4 | |
| 711 | 0 | @a《激光在工业上的应用》编写组@A《ji guang zai gong ye shang de ying yong》bian xie zu@4编 |
| 801 | 0 | @aCN@bPFT@c20060418 |
| 905 | @a10447@dTN249@e1 | |
| 激光在工业上的应用/《激光在工业上的应用》编写组编.-上海:上海人民出版社,1972 |
| 118页;20cm |
| ISBN :CNY0.23 |
| ● |
| 相关链接 |
|
|
|
|
正题名:激光在工业上的应用
索取号:TN249/1
 
预约/预借
| 序号 | 登录号 | 条形码 | 馆藏地/架位号 | 状态 | 备注 |
| 1 | 0003104 | 202168545 | 密集书库/ [索取号:TN249/1] | 在馆 | |
| 2 | 0003105 | 202242858 | 密集书库/ [索取号:TN249/1] | 在馆 | |
| 3 | 0013290 | 202242812 | 密集书库/ [索取号:TN249/1] | 在馆 | |
| 4 | 0013291 | 202242849 | 密集书库/ [索取号:TN249/1] | 在馆 |